Sistema nacional de Evaluación Estandarizada de la Educación. Alineación del examen SABER 11°.
Saved in:
| Corporate Author: | |
|---|---|
| Format: | Book |
| Language: | Español |
| Subjects: | |
| Online Access: | Ver documento en línea |
| Tags: |
No Tags, Be the first to tag this record!
|
MARC
| LEADER | 00000nam^a2200000^u^4500 | ||
|---|---|---|---|
| 001 | 000530785 | ||
| 005 | 20260418000000.0 | ||
| 008 | 140828s10001000^^^^cr^^r^^^^^000^0^spa^d | ||
| 009 | 20260418194900.831 | ||
| 035 | |a FCE 000075032 | ||
| 037 | |a Acervo ITESO - Biblioteca | ||
| 041 | |a spa | ||
| 095 | |a 808 | ||
| 110 | |a Instituto Colombiano para la Evaluación de la Educación (ICFES) | ||
| 245 | 1 | 0 | |a Sistema nacional de Evaluación Estandarizada de la Educación. Alineación del examen SABER 11°. |
| 264 | |a Colombia: |b ICFES, |c 2013. | ||
| 300 | |a 129 p. | ||
| 336 | |a texto |b txt |2 rdacontenido | ||
| 337 | |a sin mediación |b n |2 rdamedio | ||
| 338 | |a volumen |b nc |2 rdasoporte | ||
| 649 | |a XX | ||
| 650 | |a Pruebas | ||
| 650 | |a Evaluación educativa | ||
| 650 | |a Colombia | ||
| 856 | 4 | 0 | |u https://www.icfes.gov.co/examenes/component/docman/doc_view/775-alineacion-del-examen-saber-11?Itemid= |y Ver documento en línea |
| 910 | |a Fondo Centro de Estudios Educativos | ||
| 920 | |a Impresos - Libros | ||
| 930 | |a Fondos Especiales | ||
| 905 | |a 133 | ||
| 902 | |a https://opac.biblio.iteso.mx/vufind/Record/000530785 | ||